The life cycle of minerals : Minerals Divsion annual conference, 21st March 1997, Holiday Inn Hotel, Sheffield. (Record no. 96360)

MARC details
000 -LEADER
fixed length control field 01562cam a2200361 4500
001 - CONTROL NUMBER
control field M83447
008 - FIXED-LENGTH DATA ELEMENTS--GENERAL INFORMATION
fixed length control field 090401t1997 xxu||||| |||| 00| 0 eng d
035 ## - SYSTEM CONTROL NUMBER
System control number (Sirsi) u77827
041 ## - LANGUAGE CODE
Language code of text/sound track or separate title eng
050 ## - LIBRARY OF CONGRESS CALL NUMBER
Classification number 622
110 ## - MAIN ENTRY--CORPORATE NAME
Corporate name or jurisdiction name as entry element Royal Institution of Chartered Surveyors
9 (RLIN) 4900
245 #4 - TITLE STATEMENT
Title The life cycle of minerals : Minerals Divsion annual conference, 21st March 1997, Holiday Inn Hotel, Sheffield.
260 ## - PUBLICATION, DISTRIBUTION, ETC.
Place of publication, distribution, etc. London
Name of publisher, distributor, etc. RICS
Date of publication, distribution, etc. 1997
300 ## - PHYSICAL DESCRIPTION
Extent 1 folder ; 30cm.
350 ## - PRICE (NR) (BK AM CF MU VM SE) [OBSOLETE]
Price 0
505 ## - FORMATTED CONTENTS NOTE
Formatted contents note Keynote address.
-- Saville, Mark; Battle, John
505 ## - FORMATTED CONTENTS NOTE
Formatted contents note Minerals - land - natural environment : the foundation of wealth.
-- Menzies, Ian; Plant, Jane
505 ## - FORMATTED CONTENTS NOTE
Formatted contents note Silicon - data modelling techniques in the exploration of mineral deposits.
-- Capper, Phillip; Hatton, William
505 ## - FORMATTED CONTENTS NOTE
Formatted contents note Economic valuation of mineral resources.
-- Bingham, Tony; Voaden, William
505 ## - FORMATTED CONTENTS NOTE
Formatted contents note Minerals operators in 1997 - outlaws or inlaws?
-- Kendall, John; Renger, Mike
505 ## - FORMATTED CONTENTS NOTE
Formatted contents note Operational considerations of quarrying and landfill.
-- Raynsford, Nick; Harper, David
505 ## - FORMATTED CONTENTS NOTE
Formatted contents note Making waste work - fact, fantasy or desperation.
-- Price, Jennie; Sheard, E. Martin
505 ## - FORMATTED CONTENTS NOTE
Formatted contents note Restoration and rehabilitation of mineral workings.
-- Sainsbury, Roger; McDougal, David
505 ## - FORMATTED CONTENTS NOTE
Formatted contents note Resource earth - questions for society.
-- Cottam, Guy; Wood, Gordon
650 ## - SUBJECT ADDED ENTRY--TOPICAL TERM
Topical term or geographic name entry element LANDFILL
650 ## - SUBJECT ADDED ENTRY--TOPICAL TERM
Topical term or geographic name entry element MINERALS DIVISION
650 ## - SUBJECT ADDED ENTRY--TOPICAL TERM
Topical term or geographic name entry element MINERALS
650 ## - SUBJECT ADDED ENTRY--TOPICAL TERM
Topical term or geographic name entry element MINING
650 ## - SUBJECT ADDED ENTRY--TOPICAL TERM
Topical term or geographic name entry element Valuation
9 (RLIN) 6273
690 ## - LOCAL SUBJECT ADDED ENTRY--TOPICAL TERM (OCLC, RLIN)
Topical term or geographic name as entry element MINING AND MINERALS
942 ## - ADDED ENTRY ELEMENTS (KOHA)
Suppress in OPAC 0
948 ## - LOCAL PROCESSING INFORMATION (OCLC); SERIES PART DESIGNATOR (RLIN)
c (OCLC) 21/04/1997
Holdings
Withdrawn status Lost status Source of classification or shelving scheme Damaged status Not for loan Home library Current library Shelving location Date acquired Total Checkouts Full call number Barcode Date last seen Copy number Price effective from Koha item type
    Dewey Decimal Classification     London London RICS Boxes 14/09/1999   RICS 1997/29 30052727 06/08/2019 1 06/08/2019 Archive
    Dewey Decimal Classification     London London RICS Boxes 12/04/2005   RICS 1997/29 30070319 06/08/2019 2 06/08/2019 Reference material